000 00455pab a2200169 454500
008 180718b2013 xxu||||| |||| 00| 0 eng d
100 _aCornes, Richard
245 _aA constitutional disaster in the making? The communications challenge facing the United Kingdom's Supreme court
260 _c2013
300 _ap.266-291.
362 _aApr
650 _aCourts
650 _aSupreme court
773 _aPublic Law
908 _aN
909 _a99709
999 _c99708
_d99708